000 01034nam a2200289Ia 4500
001 F0278
003 IT-RoPAU
008 130308s9999 xx 000 0 und d
040 _aIT-RoPAU
040 _cIT-RoPAU
041 _aINGLESE
100 _aMcrobbie Angela
100 _gCodice Aut. SPICS: 15155
245 _aEs and the Anti-Es (The): New Questions for Feminism and Cultural Studies
245 _bCultural Studies in Question
250 _a1a ed.
260 _aLONDON
260 _bSage Publications Ltd
260 _c1997 [1° Ed.:1997 - Ed.Ling.Originale:1997]
300 _a"17 p. (prefazione: no ; testo: 17 [pagine: 170-186])"
500 _aIo e Non Io: nuove Domande per Femminismo e Studi Culturali. conseguenze di Poststrutturalismo su Studi Culturali Femministi. Femminismo Come Anti Essenzialismo. Possibilità di intervento Nei Problemi politici e Culturali.
650 _aTEORIA DELLA COMUNICAZIONE SOCIALE
650 _eCodice materia Spics: 3802
942 _cBK
957 _71
999 _c79575
_d79575
999 _g1